000 00372nam a22001457a 4500
999 _c2423
_d2423
008 200229b ||||| |||| 00| 0 eng d
041 0 _aeng
082 0 0 _a623.8535
_bM9714
100 _9890
_aMunton, R.
245 1 0 _aMarine refrigeration /
_cby R. Munton
260 _aLondon :
_bModern refrigeration,
_c.
300 _a90 p.
650 0 _aMarine Refrigeration
942 _cBK